00724 2200241 4500001002100000005001500021035002000036007000300056008004100059020002200100082001000122084001600132100002800148245012300176250001000299260004200309300003100351650003600382700002800418700001400446990001100460990001100471INLIS00000000000439120191105112018 a0010-1119000018ta191105 g 0 ind  a978-602-0808-19-2 a745.5 a745.5 PRI p0 aPRIMA, Olimpiana Kristi1 aPunya Barang Bekas? Daur Ulang, Jadikan Uang! /cPrima Olimpiana Kristi, Nurhastuti Putri Utami; penyunting, Tristanti acet.1 a[s.l] :bTrans Idea Publishing,c2017 a144 hlm. :bilus. ;c25 cm 4aSENI DEKORASI. KERAJINAN TANGAN0 aNURHASTUTI, Putri Utami0 aTRISTANTI a7112 a a7112 b